Business analytics: (Record no. 6378)
[ view plain ]
| 000 -LEADER | |
|---|---|
| fixed length control field | 00649nam a22002297a 4500 |
| 003 - CONTROL NUMBER IDENTIFIER | |
| control field | OSt |
| 005 - DATE AND TIME OF LATEST TRANSACTION | |
| control field | 20220107122848.0 |
| 008 - FIXED-LENGTH DATA ELEMENTS--GENERAL INFORMATION | |
| fixed length control field | 190321b xxu||||| |||| 00| 0 eng d |
| 020 ## - INTERNATIONAL STANDARD BOOK NUMBER | |
| International Standard Book Number | 9781466596092 |
| 040 ## - CATALOGING SOURCE | |
| Transcribing agency | IIITMK |
| 082 ## - DEWEY DECIMAL CLASSIFICATION NUMBER | |
| Classification number | 658.15 LIE/B |
| 100 ## - MAIN ENTRY--PERSONAL NAME | |
| Personal name | Liebowitz, Jay (Ed.) |
| 9 (RLIN) | 15307 |
| 245 ## - TITLE STATEMENT | |
| Title | Business analytics: |
| Remainder of title | An introduction |
| Statement of responsibility, etc. | Jay Liebowitz |
| 260 ## - PUBLICATION, DISTRIBUTION, ETC. | |
| Place of publication, distribution, etc. | Boca Raton, |
| Name of publisher, distributor, etc. | CRC Press, |
| Date of publication, distribution, etc. | 2014. |
| 300 ## - PHYSICAL DESCRIPTION | |
| Extent | xi, 276p. |
| 650 ## - SUBJECT ADDED ENTRY--TOPICAL TERM | |
| Topical term or geographic name entry element | MANAGEMENT SCIENCE |
| 9 (RLIN) | 15425 |
| 650 ## - SUBJECT ADDED ENTRY--TOPICAL TERM | |
| Topical term or geographic name entry element | BUSINESS ANALYTICS |
| 9 (RLIN) | 15426 |
| 650 ## - SUBJECT ADDED ENTRY--TOPICAL TERM | |
| Topical term or geographic name entry element | BUSINESS INTELLIGENCE |
| 9 (RLIN) | 15427 |
| 650 ## - SUBJECT ADDED ENTRY--TOPICAL TERM | |
| Topical term or geographic name entry element | DATA MINING |
| 9 (RLIN) | 15428 |
| 650 ## - SUBJECT ADDED ENTRY--TOPICAL TERM | |
| Topical term or geographic name entry element | BIG DATA ANALYTICS |
| 9 (RLIN) | 15429 |
| 942 ## - ADDED ENTRY ELEMENTS (KOHA) | |
| Source of classification or shelving scheme | Dewey Decimal Classification |
| Koha item type | Books |
| Withdrawn status | Lost status | Source of classification or shelving scheme | Damaged status | Not for loan | Collection code | Home library | Current library | Shelving location | Date acquired | Total Checkouts | Full call number | Barcode | Date last seen | Date last checked out | Price effective from | Koha item type |
|---|---|---|---|---|---|---|---|---|---|---|---|---|---|---|---|---|
| Dewey Decimal Classification | Business Analytics | Kerala University of Digital Sciences, Innovation and Technology Knowledge Centre | Kerala University of Digital Sciences, Innovation and Technology Knowledge Centre | Management | 25/05/2019 | 1 | 658.15 LIE/B | 5428 | 03/05/2024 | 17/04/2024 | 25/05/2019 | Books |